Statistics for Double Rhymes

Click here to take the quiz!

General Stats

  • This quiz has been taken 536 times
    (512 since last reset)
  • The average score is 12 of 20

Answer Stats

HintAnswer% Correct
HotelMotel
89%
MagicTragic
85%
ColdlyBoldly
83%
VividLivid
79%
TangoMango
79%
LobsterMobster
74%
BabyMaybe
67%
RibbonGibbon
63%
SavageRavage
62%
StudentPrudent
61%
TopicTropic
54%
MenuVenue
54%
KindnessBlindness
51%
EditCredit
41%
RelishHellish
39%
GimmickMimic
39%
BalloonSaloon
39%
PlentyTwenty
38%
LadyShady
37%
ClosetPosit
19%

Score Distribution

Percentile by Number Answered

Percent of People with Each Score

Your Score History

You have not taken this quiz since the last reset